000
00319nam a2200133 a 4500
005
20140513081056.0
008
070202s19uu xx 00 eng d
050
_a
VCD
_b
Go646 2004
245
_a
Good day good night.
260
_b
Viva video,
_c
2004.
440
_a
Barney :
650
_a
Day and night
999
_c
116511
_d
116511